00271nam a2200109Ia 4500008004100000020001800041100001500059245004500074250001100119260001700130650001400147240827s9999 xx 000 0 und d a9788173199370 aP.V. Panat 0aThermodynamics And Statistical Mechanics aLatest bNAROSAc2013 aChemistry